| 000 -LEADER |
| fixed length control field |
00900cam a22003017a 4500 |
| 001 - CONTROL NUMBER |
| control field |
14066932 |
| 005 - DATE AND TIME OF LATEST TRANSACTION |
| control field |
20180111064434.0 |
| 008 - FIXED-LENGTH DATA ELEMENTS--GENERAL INFORMATION |
| fixed length control field |
050808s2006 nyua 000 0 eng d |
| 010 ## - LIBRARY OF CONGRESS CONTROL NUMBER |
| LC control number |
2005931916 |
| 020 ## - INTERNATIONAL STANDARD BOOK NUMBER |
| International Standard Book Number |
074328982X |
| 020 ## - INTERNATIONAL STANDARD BOOK NUMBER |
| International Standard Book Number |
9780743289825 |
| 035 ## - SYSTEM CONTROL NUMBER |
| System control number |
(OCoLC)ocm62736345 |
| 040 ## - CATALOGING SOURCE |
| Original cataloging agency |
JRZ |
| Transcribing agency |
JRZ |
| Modifying agency |
BAKER |
| -- |
DLC |
| 041 1# - LANGUAGE CODE |
| Language code of text/sound track or separate title |
eng |
| 042 ## - AUTHENTICATION CODE |
| Authentication code |
lccopycat |
| 066 ## - CHARACTER SETS PRESENT |
| Alternate G0 or G1 character set |
$1 |
| 080 ## - UNIVERSAL DECIMAL CLASSIFICATION NUMBER |
| Universal Decimal Classification number |
204 EMO |
| 082 04 - DEWEY DECIMAL CLASSIFICATION NUMBER |
| Classification number |
204 EMO |
| Edition number |
22 |
| 100 1# - Rafti |
| Rafti |
9 |
| 101 ## - Shkurtesa |
| Shkurtesa |
MJE |
| 240 10 - UNIFORM TITLE |
| Uniform title |
<a href="Mizu wa kotae o shitte iru.">Mizu wa kotae o shitte iru.</a> |
| Number of part/section of a work |
2. |
| Language of a work |
English |
| 245 14 - TITLE STATEMENT |
| Title |
The secret life of water / |
| Statement of responsibility, etc |
Masaru Emoto ; translated by David A. Thayne. |
| 906 ## - LOCAL DATA ELEMENT F, LDF (RLIN) |
| a |
7 |
| b |
cbc |
| c |
copycat |
| d |
2 |
| e |
ncip |
| f |
20 |
| g |
y-gencatlg |
| 942 ## - ADDED ENTRY ELEMENTS (KOHA) |
| Source of classification or shelving scheme |
|
| Item type |
Books |